000
00283nam a2200145Ia 4500
100
_a
Scheld/Francis
942
_c
BK
654
_a
Computer
245
_a
Intrd
260
_b
McGraw Hill
_a
Newyork
_c
1970
082
_a
1.6
_b
SCH
300
_a
282
546
_a
ENGLISH
999
_c
30144
_d
30144